[Event "Oberliga Ost-B 1516"]
[Site "Germany"]
[Date "2015.09.20"]
[Round "1.7"]
[White "Schwenkreis, Thomas"]
[Black "Goll, Christof"]
[Result "1/2-1/2"]
[WhiteElo "2077"]
[BlackElo "2114"]
[PlyCount "163"]
[EventDate "2015.09.20"]
[EventType "team-tourn"]
[EventRounds "11"]
[EventCountry "GER"]
[SourceTitle "EXT 2017"]
[Source "ChessBase"]
[SourceDate "2016.10.25"]
[SourceVersion "1"]
[SourceVersionDate "2016.10.25"]
[SourceQuality "1"]
[WhiteTeam "Frankfurt BvK"]
[BlackTeam "Nied"]
[WhiteTeamCountry "GER"]
[BlackTeamCountry "GER"]

1. e4 e6 2. Qe2 c5 3. g3 Nc6 4. Nf3 g6 5. Bg2 Bg7 6. c3 Nge7 7. 0-0 0-0 8. Na3 d5 9. d3 b6 10. Rd1 Ba6 11. Qe1 Rc8 12. h4 h6 13. Nc2 Qc7 14. Ne3 dxe4 15. dxe4 h5 16. Nc2 Rcd8 17. Bf4 Qc8 18. Qe3 Rxd1+ 19. Rxd1 Rd8 20. Qc1 Rd7 21. Re1 Qd8 22. Bh3 Be2 23. Nd2 Ba6 24. Bg2 Ne5 25. Bxe5 Bxe5 26. Nf3 Bg7 27. Ne3 Nc6 28. Bf1 Bxf1 29. Kxf1 Qc8 30. Kg2 Qb7 31. Rd1 Qc8 32. Rxd7 Qxd7 33. Qd1 Qxd1 34. Nxd1 Kf8 35. Kf1 Na5 36. Ke2 Ke7 37. Kd3 Kd7 38. Ne3 Kc7 39. Nc4 Nc6 40. Ne3 Na5 41. Nd2 Kd7 42. Ndc4 Nc6 43. a4 Kc7 44. f4 a6 45. Nd2 b5 46. axb5 axb5 47. Nf3 Kd7 48. Ng5 Ke8 49. e5 Bf8 50. Ne4 Kd7 51. Nc2 Kc7 52. Ng5 Nd8 53. b3 Be7 54. Ne4 Nc6 55. Ne1 b4 56. Nf3 Na5 57. cxb4 cxb4 58. Kc2 Nc6 59. Kd3 Kb6 60. Nfd2 Kc7 61. Nc4 Bf8 62. Ne3 Na5 63. Kc2 Kd7 64. Nc4 Nb7 65. Kd3 Nc5+ 66. Nxc5+ Bxc5 67. Nd2 Kc6 68. Ke4 Bf2 69. Kf3 Bc5 70. Ke4 Bf2 71. Nf1 Be1 72. Kd4 Kb5 73. Kd3 Kc5 74. Ke2 Bc3 75. Nh2 f5 76. Nf3 Kd5 77. Ng5 Bd4 78. Nf7 Bc5 79. Ng5 Bb6 80. Nf3 Bc5 81. Ng5 Bb6 82. Nf3 1/2-1/2

[Event "Rhein Main op-A 18th"]
[Site "Bad Homburg"]
[Date "2015.06.07"]
[Round "7"]
[White "Christen, Stefan"]
[Black "Schwenkreis, Thomas"]
[Result "0-1"]
[WhiteElo "1829"]
[BlackElo "2103"]
[PlyCount "44"]
[EventDate "2015.06.03"]
[EventType "swiss"]
[EventRounds "7"]
[EventCountry "GER"]
[SourceTitle "CBM 167 Extra"]
[Source "ChessBase"]
[SourceDate "2015.09.14"]
[SourceVersion "1"]
[SourceVersionDate "2015.09.14"]
[SourceQuality "1"]

1. Nf3 Nf6 2. b3 g6 3. Bb2 Bg7 4. c4 d6 5. Qc2 0-0 6. d3 Nc6 7. a3 Bg4 8. Nbd2 e5 9. g3 h6 10. Bg2 Qd7 11. d4 Rfe8 12. dxe5 dxe5 13. e4 Bh3 14. 0-0 Bxg2 15. Kxg2 Nd4 16. Qb1 c5 17. Re1 Qc6 18. Bc3 Rad8 19. Nf1 Nh7 20. Ne3 Nxf3 21. Kxf3 Ng5+ 22. Kg2 Nxe4 0-1

[Event "Rhein Main op-A 18th"]
[Site "Bad Homburg"]
[Date "2015.06.06"]
[Round "6"]
[White "Schwenkreis, Thomas"]
[Black "Zweschper, Erich"]
[Result "0-1"]
[WhiteElo "2103"]
[BlackElo "1989"]
[PlyCount "128"]
[EventDate "2015.06.03"]
[EventType "swiss"]
[EventRounds "7"]
[EventCountry "GER"]
[SourceTitle "CBM 167 Extra"]
[Source "ChessBase"]
[SourceDate "2015.09.14"]
[SourceVersion "1"]
[SourceVersionDate "2015.09.14"]
[SourceQuality "1"]

1. e4 g6 2. d4 Bg7 3. Nc3 d6 4. Bg5 h6 5. Be3 Nd7 6. Qd2 c6 7. Bc4 a6 8. a4 b6 9. Bb3 e6 10. Nf3 Ne7 11. Ne2 Nf6 12. Ng3 Ng4 13. Bf4 h5 14. h3 Nh6 15. Ng5 d5 16. e5 Bb7 17. 0-0 Nef5 18. Ne2 Bf8 19. c3 Nh4 20. Bc2 Be7 21. Nc1 Rc8 22. a5 b5 23. Nb3 N6f5 24. f3 Rc7 25. Kf2 Ng7 26. Rh1 Nhf5 27. Nc5 h4 28. Bxf5 gxf5 29. Be3 f4 30. Bxf4 Rh5 31. Nge4 dxe4 32. Nxe4 Nf5 33. b4 Rd7 34. Rhd1 Kf8 35. Rab1 Kg8 36. Qe2 Kh8 37. Bh2 Qg8 38. Rd3 Rh6 39. Rg1 Rg6 40. f4 Rd8 41. Kf1 Qh7 42. Rd2 Rdg8 43. Nc5 Bc8 44. Qf3 Ng3+ 45. Kf2 Qh6 46. Nd3 Bd7 47. Rc2 Qh7 48. Ne1 f6 49. Nd3 Be8 50. Ke1 R6g7 51. Rd2 Ne4 52. Re2 Nxc3 53. exf6 Bxf6 54. Rxe6 Bxd4 55. f5 Nd5 56. Qe4 Bc3+ 57. Kf2 Bd7 58. Nc5 Nf6 59. Qd3 Bxe6 60. Nxe6 Rg3 61. Bxg3 Rxg3 62. Qc2 Qh6 63. Rd1 Qe3+ 64. Kf1 Nd5 0-1

[Event "Rhein Main op-A 18th"]
[Site "Bad Homburg"]
[Date "2015.06.04"]
[Round "3"]
[White "Bogucanin, Mirsad"]
[Black "Schwenkreis, Thomas"]
[Result "1/2-1/2"]
[WhiteElo "1907"]
[BlackElo "2103"]
[PlyCount "124"]
[EventDate "2015.06.03"]
[EventType "swiss"]
[EventRounds "7"]
[EventCountry "GER"]
[SourceTitle "CBM 167 Extra"]
[Source "ChessBase"]
[SourceDate "2015.09.14"]
[SourceVersion "1"]
[SourceVersionDate "2015.09.14"]
[SourceQuality "1"]

1. d4 Nf6 2. c4 d6 3. Nf3 g6 4. Nc3 Bg7 5. Bg5 h6 6. Bh4 0-0 7. e3 Nbd7 8. Be2 c6 9. 0-0 Re8 10. Qc2 Qc7 11. Rac1 e5 12. Rfd1 Nh7 13. Bg3 Qa5 14. Ne4 Bf8 15. dxe5 dxe5 16. Nd6 Bxd6 17. Rxd6 Nhf8 18. Rcd1 Re6 19. a3 Rxd6 20. Rxd6 Qc5 21. Qd2 a5 22. h3 a4 23. Bh4 e4 24. Nh2 h5 25. f4 exf3 26. Nxf3 Ne5 27. Nxe5 Qxe5 28. Bf6 Qg3 29. Bf3 Bxh3 30. e4 g5 31. Bxg5 Be6 32. Bxh5 Qe5 33. Bf3 Kh7 34. Bf4 Qg7 35. e5 Ng6 36. Be4 Kg8 37. Bxg6 Qxg6 38. Rd3 Kh7 39. Rg3 Qb1+ 40. Kh2 Rg8 41. Rxg8 Kxg8 42. Qd8+ Kh7 43. Qh4+ Kg8 44. Qg5+ Qg6 45. Qxg6+ fxg6 46. c5 Bf5 47. Kg3 Kf7 48. Kh4 Ke6 49. g4 Bd3 50. Kg5 Bc2 51. Kh6 Kf7 52. Bd2 Bd3 53. Kg5 Ke6 54. Kf4 Bc2 55. Bc3 Bd1 56. Bb4 Be2 57. Ba5 Bd1 58. Bc7 Be2 59. Bd8 Bd1 60. g5 Kd5 61. Be7 Bc2 62. Bd6 Bf5 1/2-1/2